| 000 | 00738nam a2200217Ia 4500 | ||
|---|---|---|---|
| 003 | OSt | ||
| 005 | 20250217143022.0 | ||
| 007 | ca aa aaaaa | ||
| 008 | 201103s9999 xx 000 0 und d | ||
| 040 | _cSSBUL | ||
| 041 | _abur | ||
| 082 |
_a၂၉၄.၃၄၃၅၀၉ _bပါ |
||
| 100 | _a ပါရဂူ | ||
| 245 | 1 | 0 |
_aပုဂံခရီးသည် / _cပါရဂူ။ |
| 250 | _aဒုတိယအကြိမ်။ | ||
| 260 |
_aရန်ကုန် ၊ _bစိတ်ကူးချိုချိုစာပေ၊ _c၂၀၀၈။ |
||
| 300 |
_a၃၃၈ စာမျက်နှာ ၊ _bဓာတ်ပုံများ ၊ _c၂၁စင်တီ။ |
||
| 942 |
_cBK _2ddc |
||
| 942 | _2ddc | ||
| 942 | _2ddc | ||
| 999 |
_c17433 _d17433 |
||